Statistics for Top 50 Richest people in the World

Click here to take the quiz!

General Stats

  • This quiz has been taken 70 times
  • The average score is 13 of 50

Answer Stats

RankMoneyReasonAnswer% Correct
296.5 BMicrosoftBill Gates
98%
1131 BAmazonJeff Bezos
94%
862.3 BFacebookMark Zuckerberg
90%
4022.3 BTesla MotorsElon Musk
86%
382.5 BBerkshire HathawayWarren Buffett
70%
1150.5 BKoch IndustriesCharles Koch
63%
1250.5 BKoch IndustriesDavid Koch
62%
955.5 BBloomberg LPMichael Bloomberg
62%
2137.8 BAlibaba GroupJack Ma
60%
1744.4 BWalmartAlice Walton
56%
1644.6 BWalmartJim Walton
56%
1844.3 BWalmartRob Walton
56%
1050.8 BGoogleLarry Page
48%
1449.8 BGoogleSergey Brin
41%
476 BLouis VuittonBernard Arnault
40%
662.7 BInditexAmancio Ortega
33%
3323.9 BMars CandyJacqueline Mars
29%
3423.9 BMars CandyJohn Mars
29%
2534.3 BDell TechnologiesMichael Dell
29%
762.5 BOracleLarry Ellison
25%
564 BAmerica MovilCarlos Slim Helu
24%
3125.2 BBanco SafraJoseph Safra
17%
3722.6 BKaufland and LidlDieter Schwarz
13%
1350 BOil and GasMukesh Ambani
13%
1941.2 BMicrosoftSteve Ballmer
13%
2732.5 BThomson ReutersDavid Thomson
11%
2435.1 BLas Vegas SandsSheldon Adelson
11%
2831.7 BCK Hutchison HoldingsLi Ka-Shing
10%
3029.7 BGucciFrancois Pinault
8%
4321.6 BSoftBankMasayoshi Son
6%
2633.4 BNikePhil Knight
6%
4621 BBMWSusanne Klatten
6%
2336.1 BAldiBeate Heister
5%
1549.3 BL'OrealFrancoise Bettencourt Meyers
5%
2236.2 BEvergrande GroupHui Ka Yan
3%
4920.1 BNovatekGennady Timchenko
2%
4421.5 BRenaissance TechnologiesJim Simons
2%
5019.8 BLuxotticaLeonardo Del Vecchio
2%
2038.8 BTencent HoldingMa Huateng
2%
4820.5 BSeverstalAlexey Mordashov
0%
3622.6 BWiproAzim Premji
0%
3922.4 BNutella, Kinder, Tic TacGiovanni Ferraro
0%
3522.8 BAnheuser-BuschJorge Paulo Lemann
0%
2930.1 BHenderson Land DevelopmentLee Shau Kee
0%
3224 BNovatekLeonid Mikhelson
0%
4122.2 BUniqloTadashi Yanai
0%
4720.7 BLukoilVagit Alekperov
0%
4521.3 BNLMK GroupVladimir Lisin
0%
3822.6 BReal EstateWang Jianlin
0%
4222.1 BCounrty Garden HoldingsYang Huiyan
0%

Score Distribution

Percentile by Number Answered

Percent of People with Each Score

Your Score History

You have not taken this quiz